Tiếng kêu cứu của Trái Đất /
Hiện tượng ô nhiễm môi trường của không khí, nước, đất, đại dương, không gian vũ trụ,...
Sparad:
| Huvudupphovsman: | |
|---|---|
| Materialtyp: | Bok |
| Språk: | Vietnamese |
| Publicerad: |
Hà Nội :
Giáo dục,
1999.
|
| Ämnen: | |
| Taggar: |
Lägg till en tagg
Inga taggar, Lägg till första taggen!
|
| Thư viện lưu trữ: | Mạng thư viện Đại học Đà Nẵng |
|---|
| LEADER | 00941cam a2200337 i 4500 | ||
|---|---|---|---|
| 001 | 000042488 | ||
| 003 | 362 | ||
| 005 | 20030916083943.0 | ||
| 008 | 010217b1999 vm 000 vie | ||
| 020 | |c 34400 | ||
| 022 | |a T | ||
| 040 | |a IRC |c IRC |d IRC | ||
| 041 | 0 | |a vie | |
| 082 | 1 | 4 | |a 628.168 |b NG-T |
| 100 | 1 | |a Nguyễn Phước Tương. | |
| 245 | 0 | 0 | |a Tiếng kêu cứu của Trái Đất / |c Nguyễn Phước Tương. |
| 260 | |a Hà Nội : |b Giáo dục, |c 1999. | ||
| 300 | |a 392tr. ; |c 26,8cm. | ||
| 520 | 3 | |a Hiện tượng ô nhiễm môi trường của không khí, nước, đất, đại dương, không gian vũ trụ,... | |
| 630 | 0 | 4 | |a Môi trường. |
| 650 | 0 | 4 | |a Trái Đất. |
| OWN | |a DUT | ||
| 999 | |a From the UDN01 | ||
| TYP | |a Monograph | ||
| TYP | |a Printed language | ||
| 980 | |a Mạng thư viện Đại học Đà Nẵng | ||